[Event "CAN-ch"]
[Site "Toronto CAN"]
[Date "2024.03.28"]
[Round "3"]
[White "Kot, Emanuel"]
[Black "Tanaka, Tyler"]
[Result "0-1"]
[WhiteElo "2035"]
[BlackElo "2256"]
[WhiteFideId "-1"]
[WhiteFideId "-1"]
[PlyCount "70"]
[GameId "2160767906027188"]
[EventDate "2024.03.27"]
[EventType "swiss"]
[EventRounds "10"]
[EventCountry "CAN"]
[SourceTitle "CBM 219 Extra"]
[Source "ChessBase"]
[SourceDate "2024.05.31"]
[SourceVersion "1"]
[SourceVersionDate "2024.05.31"]
[SourceQuality "1"]

1. e4 c6 2. d4 d5 3. Nc3 dxe4 4. Nxe4 Bf5 5. Ng3 Bg6 6. h4 h6 7. Nf3 Nd7 8. h5 Bh7 9. Bd3 Bxd3 10. Qxd3 e6 11. Bd2 Ngf6 12. O-O-O Be7 13. Kb1 Qb6 14. Bc1 O-O 15. Ne4 Rad8 16. Nxf6+ Nxf6 17. c3 c5 18. Be3 Qa5 19. Qe2 cxd4 20. Nxd4 Qe5 21. Qf3 Nd5 22. Rhe1 Qf6 23. Qe2 e5 24. Nc2 b6 25. g4 Nf4 26. Qf3 Nd3 27. Qxf6 Bxf6 28. Rg1 Bh4 29. f3 f5 30. Na3 fxg4 31. fxg4 Ne1 32. Kc1 Rd3 33. Bd2 Nf3 34. Nb1 Nxd2 35. Nxd2 Bg5 0-1

[Event "CAN-ch"]
[Site "Toronto CAN"]
[Date "2024.03.29"]
[Round "4.28"]
[White "Yang, Lefan"]
[Black "Kot, Emanuel"]
[Result "0-1"]
[WhiteElo "1942"]
[BlackElo "2035"]
[WhiteFideId "-1"]
[WhiteFideId "-1"]
[PlyCount "54"]
[GameId "2160767906027245"]
[EventDate "2024.03.27"]
[EventType "swiss"]
[EventRounds "10"]
[EventCountry "CAN"]

1. d4 Nf6 2. c4 g6 3. Nc3 Bg7 4. e4 d6 5. Be2 O-O 6. Be3 Nc6 7. d5 Ne5 8. f4 Neg4 9. Bd2 Nh6 10. Nf3 c6 11. a4 e6 12. dxe6 Bxe6 13. Be3 Qe7 14. O-O Nxe4 15. Nxe4 Bf5 16. Qxd6 Qxe4 17. Ra3 Rfd8 18. Qc7 Rd7 19. Qa5 Bxb2 20. Rb3 Qc2 21. Nd2 Bd4 22. Nf3 Qxb3 23. Bxd4 Rxd4 24. Nxd4 Qe3+ 25. Kh1 Qxd4 26. Rd1 Qb6 27. Qe5 Rd8 0-1

[Event "CAN-ch"]
[Site "Toronto CAN"]
[Date "2024.03.31"]
[Round "7.19"]
[White "Kot, Emanuel"]
[Black "Derraugh, Geordie"]
[Result "1-0"]
[WhiteElo "2035"]
[BlackElo "2189"]
[WhiteFideId "-1"]
[WhiteFideId "-1"]
[PlyCount "63"]
[GameId "2160767906027331"]
[EventDate "2024.03.27"]
[EventType "swiss"]
[EventRounds "10"]
[EventCountry "CAN"]

1. e4 c5 2. Nf3 e6 3. d4 cxd4 4. Nxd4 Nc6 5. Nc3 Qc7 6. Qd3 Nf6 7. Ndb5 Qb8 8. Qg3 d6 9. Be3 e5 10. O-O-O Be7 11. Nxd6+ Kf8 12. Nxc8 Qxc8 13. f3 h5 14. Qf2 Kg8 15. Nd5 Bd8 16. Kb1 Na5 17. Be2 Kh7 18. Nxf6+ Bxf6 19. g4 Qc6 20. Rd5 b6 21. Bb5 Qe6 22. g5 Bd8 23. f4 exf4 24. Qxf4 g6 25. Bd4 Rf8 26. Bd7 Bc7 27. Qf3 Nc4 28. Rd1 Qe7 29. Bf6 Qb4 30. a3 Nxa3+ 31. Qxa3 Qxe4 32. h3 1-0

[Event "CAN-ch"]
[Site "Toronto CAN"]
[Date "2024.04.01"]
[Round "8.16"]
[White "Xu, Daniel"]
[Black "Kot, Emanuel"]
[Result "1-0"]
[WhiteElo "2212"]
[BlackElo "2035"]
[WhiteFideId "-1"]
[WhiteFideId "-1"]
[PlyCount "89"]
[GameId "2160767906035551"]
[EventDate "2024.03.27"]
[EventType "swiss"]
[EventRounds "10"]
[EventCountry "CAN"]

1. e4 e5 2. Nf3 Nc6 3. Bb5 a6 4. Ba4 b5 5. Bb3 Nf6 6. O-O Bb7 7. Re1 Bc5 8. c3 d6 9. d4 Bb6 10. a4 O-O 11. Bg5 h6 12. Bh4 g5 13. Bg3 Re8 14. axb5 axb5 15. Rxa8 Bxa8 16. dxe5 Nxe5 17. Bxe5 dxe5 18. Qxd8 Rxd8 19. Nxe5 Nxe4 20. Nxf7 Bxf2+ 21. Kf1 Rf8 22. Rxe4 Bxe4 23. Nxg5+ Kh8 24. Nxe4 Bg3+ 25. Ke2 Bxh2 26. Nbd2 Bf4 27. Bd5 b4 28. c4 b3 29. Nf3 Rc8 30. Kd3 c6 31. Be6 Re8 32. Bf5 h5 33. Kc3 Rg8 34. Kxb3 Bh6 35. Bh3 Rb8+ 36. Kc2 Bg7 37. b3 Re8 38. Nfd2 Rd8 39. b4 Bf8 40. c5 Rd4 41. b5 cxb5 42. c6 Bd6 43. Nxd6 Rxd6 44. Bd7 Rd5 45. Nb3 1-0

[Event "RA March op"]
[Site "Ottawa CAN"]
[Date "2024.03.01"]
[Round "3.4"]
[White "Kot, Emanuel"]
[Black "Masse, Hugues"]
[Result "0-1"]
[WhiteElo "2232"]
[BlackElo "2242"]
[WhiteFideId "-1"]
[WhiteFideId "-1"]
[PlyCount "80"]
[GameId "2160767906056520"]
[EventDate "2024.03.01"]
[EventType "swiss"]
[EventRounds "5"]
[EventCountry "CAN"]

1. e4 c5 2. Nf3 d6 3. d4 cxd4 4. Nxd4 Nf6 5. Nc3 Nc6 6. f3 e5 7. Nb3 Be7 8. Be3 O-O 9. Qd2 a5 10. Bb5 Be6 11. O-O-O Nb4 12. a3 Qc7 13. Kb1 d5 14. axb4 d4 15. Na2 dxe3 16. Qxe3 axb4 17. Nac1 Rfc8 18. Rd2 b6 19. Rhd1 Qa7 20. c4 bxc3 21. bxc3 Qc7 22. c4 Bb4 23. Ra2 Ba3 24. Qc3 Ne8 25. Bxe8 Rxe8 26. Nd2 Be7 27. Rb2 Rec8 28. Nd3 f6 29. Rb3 Ra4 30. Rc1 Qa7 31. Nb2 Ra2 32. Kc2 Bc5 33. Kd1 Bd4 34. Qb4 Bc5 35. Qc3 Qf7 36. Qd3 Qh5 37. Nf1 Qe8 38. Ke1 Rd8 39. Qb1 Ra7 40. Nd1 Bd4 0-1

[Event "RA March op"]
[Site "Ottawa CAN"]
[Date "2024.03.03"]
[Round "4.6"]
[White "Hughes-Dupuy, Henry"]
[Black "Kot, Emanuel"]
[Result "0-1"]
[WhiteElo "1957"]
[BlackElo "2232"]
[WhiteFideId "-1"]
[WhiteFideId "-1"]
[PlyCount "92"]
[GameId "2160767906056530"]
[EventDate "2024.03.01"]
[EventType "swiss"]
[EventRounds "5"]
[EventCountry "CAN"]

1. e4 c5 2. Nf3 d6 3. Bb5+ Nd7 4. O-O a6 5. Bc4 e6 6. Re1 b5 7. Bf1 Bb7 8. a4 bxa4 9. Nc3 Ngf6 10. d4 cxd4 11. Qxd4 Be7 12. Bg5 O-O 13. Bd3 a3 14. bxa3 h6 15. Bh4 Qc7 16. Rab1 Rfb8 17. Qc4 Qa5 18. Qb4 Qc5 19. Na4 Qxb4 20. axb4 Bc6 21. Nc3 g5 22. Nd4 Bb7 23. Bg3 Rc8 24. Na4 Nh5 25. b5 Nxg3 26. hxg3 Bf6 27. Nf3 axb5 28. Bxb5 Bc6 29. Bxc6 Rxc6 30. Rb7 Rd8 31. Rd1 Ra6 32. Rxd7 Rxd7 33. Nc5 dxc5 34. Rxd7 Ra1+ 35. Kh2 Rc1 36. Rd2 g4 37. Ng1 Bc3 38. Rd8+ Kg7 39. Rc8 Be1 40. f3 Bf2 41. Ne2 Rxc2 42. Nf4 gxf3 43. Nh5+ Kg6 44. g4 Bd4 45. Kh3 f2 46. e5 Bxe5 0-1

[Event "RA Winter op"]
[Site "Ottawa CAN"]
[Date "2024.01.20"]
[Round "2.9"]
[White "Kot, Emanuel"]
[Black "Myers, Joshua"]
[Result "1-0"]
[WhiteElo "2180"]
[BlackElo "1986"]
[WhiteFideId "-1"]
[WhiteFideId "-1"]
[PlyCount "107"]
[GameId "2160767906081646"]
[EventDate "2024.01.19"]
[EventType "swiss"]
[EventRounds "5"]
[EventCountry "CAN"]

1. e4 d5 2. exd5 Qxd5 3. Nc3 Qd6 4. d4 Nf6 5. Nf3 a6 6. Bd3 Bg4 7. Ne4 Nxe4 8. Bxe4 Nd7 9. O-O Nf6 10. Bd3 e6 11. c4 Bxf3 12. Qxf3 c6 13. Be3 Be7 14. Rad1 O-O 15. Bf4 Qb4 16. b3 Rad8 17. Bd2 Qa3 18. Bc3 Bb4 19. Ba1 Be7 20. Bb1 Qa5 21. h3 Qg5 22. Bc3 Qh5 23. g4 Qh4 24. Rfe1 g6 25. Qe3 h5 26. g5 Nh7 27. f4 e5 28. fxe5 Bxg5 29. Qd3 Be7 30. Re4 Qg5+ 31. Kh1 Qf5 32. Rf1 Qe6 33. Ref4 Bg5 34. R4f3 Bh6 35. Kg2 Bg7 36. Qc2 Rd7 37. h4 Rfd8 38. Rf4 Nf8 39. Re4 Qe8 40. Qf2 Ne6 41. Rd1 Bh6 42. Ba5 Rc8 43. Bb6 Ng7 44. b4 Qe7 45. a3 Nf5 46. Ba2 Kh7 47. Rde1 Rg8 48. d5 Qe8 49. Kh1 Qc8 50. Bc5 Rdd8 51. e6 fxe6 52. Rxe6 Rde8 53. Bb1 Ng7 54. Bxg6+ 1-0

[Event "RA Winter op"]
[Site "Ottawa CAN"]
[Date "2024.01.20"]
[Round "3.3"]
[White "Latorre, Vincent"]
[Black "Kot, Emanuel"]
[Result "1/2-1/2"]
[WhiteElo "2317"]
[BlackElo "2180"]
[WhiteFideId "-1"]
[WhiteFideId "-1"]
[PlyCount "102"]
[GameId "2160767906081651"]
[EventDate "2024.01.19"]
[EventType "swiss"]
[EventRounds "5"]
[EventCountry "CAN"]

1. e4 e5 2. Nf3 Nc6 3. Bc4 Bc5 4. c3 Nf6 5. d3 O-O 6. O-O d6 7. a4 a5 8. h3 h6 9. Re1 Be6 10. Nbd2 Qb8 11. Bb5 Qa7 12. Qe2 Ne7 13. Bc4 Ng6 14. Nf1 d5 15. Ba2 Rfe8 16. Qc2 Rad8 17. Be3 dxe4 18. dxe4 Bxa2 19. Rxa2 Re6 20. Raa1 Red6 21. N1d2 Bxe3 22. Rxe3 Qa6 23. b3 Rd3 24. Rae1 Rxe3 25. Rxe3 Qe6 26. Rd3 Rd7 27. Nc4 b6 28. Qd1 Rxd3 29. Qxd3 Qd7 30. Qxd7 Nxd7 31. b4 f6 32. g3 Ne7 33. Ne1 Nc6 34. Nd3 g5 35. f3 Kf7 36. Kf2 Ke6 37. Ke3 f5 38. exf5+ Kxf5 39. Kf2 Ke6 40. g4 Kf6 41. Ke3 Ke6 42. Kf2 Kf6 43. Ke2 Ke6 44. Ke3 Kd5 45. b5 Nd8 46. Nd2 Ne6 47. c4+ Kd6 48. Ne4+ Ke7 49. Nc3 Nec5 50. Nc1 Nf6 51. Nd3 Nfd7 1/2-1/2

[Event "RA Winter op"]
[Site "Ottawa CAN"]
[Date "2024.01.21"]
[Round "4.4"]
[White "Kot, Emanuel"]
[Black "Xu, Daniel"]
[Result "1/2-1/2"]
[WhiteElo "2180"]
[BlackElo "2350"]
[WhiteFideId "-1"]
[WhiteFideId "-1"]
[PlyCount "100"]
[GameId "2160767906081661"]
[EventDate "2024.01.19"]
[EventType "swiss"]
[EventRounds "5"]
[EventCountry "CAN"]

1. e4 c5 2. Nf3 d6 3. d4 cxd4 4. Nxd4 Nf6 5. Nc3 a6 6. Be3 e5 7. Nb3 Be6 8. f3 h5 9. Qd2 Nbd7 10. O-O-O Be7 11. Kb1 Rc8 12. h3 h4 13. Bd3 b5 14. Rhe1 Qc7 15. f4 O-O 16. fxe5 dxe5 17. Bg5 Nb6 18. Qf2 Na4 19. Nd5 Bxd5 20. exd5 Nxd5 21. Bxe7 Ndc3+ 22. bxc3 Qxe7 23. Kc1 Nxc3 24. Qf5 g6 25. Qxe5 Qa3+ 26. Kd2 Nxd1 27. Kxd1 Qxa2 28. Qa1 Qxa1+ 29. Nxa1 Rfe8 30. Rf1 Re5 31. Nb3 Kg7 32. Kd2 Rc6 33. Nd4 Rd6 34. Nf3 Rh5 35. Ra1 f5 36. Kc3 Kf6 37. Rf1 Rh8 38. Kb4 Rc8 39. Rf2 g5 40. Nh2 Rd4+ 41. Kb3 Rc5 42. Ng4+ Ke6 43. Ne3 f4 44. Ng4 a5 45. Re2+ Kd6 46. Re8 Rb4+ 47. Ka2 Ra4+ 48. Kb2 Rb4+ 49. Ka2 Ra4+ 50. Kb2 Rb4+ 1/2-1/2

[Event "PanAm-ch U16"]
[Site "Chicago USA"]
[Date "2023.08.15"]
[Round "5"]
[White "Kot, Emanuel"]
[Black "Nandhakumar, Vaseegaran"]
[Result "1/2-1/2"]
[WhiteElo "1919"]
[BlackElo "2250"]
[WhiteFideId "-1"]
[WhiteFideId "-1"]
[PlyCount "53"]
[GameId "2130307555924458"]
[EventDate "2023.08.12"]
[EventType "swiss"]
[EventRounds "9"]
[EventCountry "USA"]

1. e4 c5 2. Nf3 Nc6 3. Bb5 g6 4. O-O Bg7 5. Re1 e5 6. Bxc6 bxc6 7. c3 Ne7 8. d4 exd4 9. cxd4 cxd4 10. Nxd4 O-O 11. Nc3 Rb8 12. Nb3 d5 13. Bg5 h6 14. Bh4 d4 15. Bxe7 Qxe7 16. Nxd4 Rxb2 17. Na4 Rb7 18. Rc1 Qa3 19. Nxc6 Qxa2 20. Re2 Qa3 21. Re3 Qa2 22. Re2 Qa3 23. Re3 Qa2 24. Re2 Qa3 25. Re3 Qa2 26. Re2 Qa3 27. Re3 1/2-1/2

[Event "Canada Int. op"]
[Site "Contrecoeur CAN"]
[Date "2022.10.08"]
[Round "2"]
[White "Kot, Emanuel"]
[Black "Templonuevo, Mark Geryl"]
[Result "1-0"]
[WhiteElo "1911"]
[BlackElo "1781"]
[WhiteFideId "-1"]
[WhiteFideId "-1"]
[PlyCount "53"]
[GameId "2160767907359582"]
[EventDate "2022.10.07"]
[EventType "swiss"]
[EventRounds "5"]
[EventCountry "CAN"]
[SourceTitle "CBM 210 Extra"]
[Source "ChessBase"]
[SourceDate "2022.11.30"]
[SourceVersion "1"]
[SourceVersionDate "2022.11.30"]
[SourceQuality "1"]

1. e4 e5 2. Nf3 Nc6 3. Bb5 a6 4. Ba4 Nf6 5. O-O b5 6. Bb3 Be7 7. Re1 O-O 8. a4 b4 9. d4 d6 10. dxe5 Nxe5 11. Nxe5 dxe5 12. Qf3 Bg4 13. Qg3 Qd4 14. Nd2 Bc5 15. c3 Qd7 16. h3 Bh5 17. Qxe5 Bb6 18. Nc4 Ba7 19. Bg5 Rfe8 20. Qf4 Rab8 21. Bxf6 gxf6 22. Qxf6 bxc3 23. Ne5 Bxf2+ 24. Qxf2 Rxe5 25. Qg3+ Bg4 26. Qxe5 Rxb3 27. Rad1 1-0